000 00577nam a22001577a 4500
040 _cNUST
082 _a200
100 _aDilaawaiz Fazal
_972780
110 _aThesis Supervisor: Dr. Qasim Umar Khan
_990604
245 _aDesign and Analysis of Multiband and Dual-Band Dual-Polarized Antennas using Characteristic Mode Analysis/
_cDilaawaiz Fazal
260 _aRawalpindi:
_bNUST COLLEGE OF EME,
_c2022.
300 _a124,p;
_bill;
_c30,cm.
650 _aPhD ELECTRICAL ENGINEERING
_984162
856 _uhttp://10.250.8.41:8080/xmlui/handle/123456789/34746
942 _2ddc
_cSC
999 _c588758
_d588758